LIBRARY & INFORMATION CENTRE, KCAET, TAVANUR

ONLINE PUBLIC ACCESS CATALOGUE (OPAC)

Development and quality evaluation of gluten free noodles from arrowroot and finger millet powder / (Record no. 18100)

MARC details
000 -LEADER
fixed length control field 00472nam a2200157 4500
003 - CONTROL NUMBER IDENTIFIER
control field OSt
082 ## - DEWEY DECIMAL CLASSIFICATION NUMBER
Classification number 664
Item number ASH/DE
088 ## - REPORT NUMBER
Report number P 626
100 ## - MAIN ENTRY--AUTHOR NAME
Personal name Ashna Yoosaf C P
245 ## - TITLE STATEMENT
Title Development and quality evaluation of gluten free noodles from arrowroot and finger millet powder /
260 ## - PUBLICATION, DISTRIBUTION, ETC. (IMPRINT)
Place of publication Tavanur :
Name of publisher Department of Processing and Food Engineering,
Year of publication 2024.
700 ## - ADDED ENTRY--PERSONAL NAME
Personal name Hasna P V
700 ## - ADDED ENTRY--PERSONAL NAME
Personal name Gerald Job
700 ## - ADDED ENTRY--PERSONAL NAME
Personal name Sreeja R
942 ## - ADDED ENTRY ELEMENTS (KOHA)
Koha item type Project Report
Holdings
Collection code Home library Current library Full call number Accession Number Koha item type
Reference KAUAET KAUAET 664 ASH/DE P 626 Project Report
free website counter